The Odyssey

Bibliographic Details
Main Authors: Homer (Author), Shewring, Walter (Author)
Format: Book
Published: Oxford New York : Oxford University Press , 1990
Series:The world's classics
Subjects:

MARC

LEADER 00000cam a2200000 7i4500
001 0000008842
005 20220918093000.0
020 |a 0192510193 
090 0 0 |a PA4025.A5   |b S5 
100 0 |a Homer ,   |e author 
245 1 4 |a The Odyssey   |c translated by Walter Shewring with an epilogue on translation   |f introduced by G. S. Kirk 
260 2 |a Oxford   |a New York :   |b Oxford University Press ,   |c 1990 
300 |a xx, 349 p. ;   |c 20 cm. 
440 0 4 |a The world's classics 
650 0 |a Epic poetry, Greek   |v Translations into English 
650 0 |a Odyssens (Greek mythology) 
700 0 |a Shewring, Walter ,   |e author 
999 |a 1000031492   |b Book   |c OPEN SHELF (30 DAYS)   |e Gong Badak Campus